Döntés előkészítő tanulmány dísznövény kereskedelmi egység létesítésére

Bibliográfiai részletek
Szerző: Kocsis Barnabás
További közreműködők: Katz György
Dokumentumtípus: Diplomadolgozat
Kulcsszavak:üzleti terv
stratégia
döntés
kereskedelem
dísznövény
Online Access:http://dolgozattar.uni-bge.hu/5116

MARC

LEADER 00000nta a2200000 i 4500
001 dolg5116
005 20160727140603.0
008 160429suuuu hu om 000 hun d
040 |a BGE Dolgozattár Repozitórium  |b hun 
041 |a hu 
100 1 |a Kocsis Barnabás 
245 1 0 |a Döntés előkészítő tanulmány dísznövény kereskedelmi egység létesítésére  |c Kocsis Barnabás  |h [elektronikus dokumentum] 
695 |a üzleti terv  
695 |a stratégia 
695 |a döntés 
695 |a kereskedelem 
695 |a dísznövény 
700 1 |a Katz György  |e ths 
856 4 0 |u http://dolgozattar.uni-bge.hu/5116/1/K%C3%89TOLDAL%20Kocsis%20Barnab%C3%A1s%20-%20Szakdolgozat%20-%20O%C3%A1zis.pdf  |z Dokumentum-elérés